000 00243nam a22001097a 4500
082 _a030
_bCAT/E
245 _aTHE ILUSTRATED ENCYCLOPEDIA OF WILDLIFE
260 _aLONDON
_bORBIS
300 _a240
650 _aGENERAL KNOWLEDGE
_zUK
942 _cBK
999 _c2124
_d2124